Geometría Análitica (Registro nro. 4700)

Detalles MARC
000 -LEADER
fixed length control field 01026 a2200229 4500
001 - CONTROL NUMBER
control field 48763
005 - DATE AND TIME OF LATEST TRANSACTION
control field 20260407155753.0
008 - FIXED-LENGTH DATA ELEMENTS--GENERAL INFORMATION
fixed length control field 260407a1958 arg spa d
003 - CONTROL NUMBER IDENTIFIER
control field AR-UNSa-BCEJYS
040 ## - CATALOGING SOURCE
Original cataloging agency AR-UNSa-BCEJYS
Language of cataloging spa
Transcribing agency AR-UNSa-BCEJYS
080 ## - UNIVERSAL DECIMAL CLASSIFICATION NUMBER
Universal Decimal Classification number 514.12
Common auxiliary subdivision Geometrías euclidianas y seudoeuclidianas. Geometría analítica
100 1# - MAIN ENTRY--PERSONAL NAME
Personal name Rey Pastor, Julio
245 10 - TITLE STATEMENT
Title Geometría Análitica
250 ## - EDITION STATEMENT
Edition statement 3a.ed.
264 #1 - PRODUCTION, PUBLICATION, DISTRIBUTION, MANUFACTURE, AND COPYRIGHT NOTICE
Place of production, publication, distribution, manufacture Buenos Aires :
Name of producer, publisher, distributor, manufacturer Kapelusz
Date of production, publication, distribution, manufacture, or copyright notice 1958
300 ## - PHYSICAL DESCRIPTION
Extent 535 p.
Dimensions 23 cm.
505 ## - FORMATTED CONTENTS NOTE
Formatted contents note 1. Espacios unidimensionales. Series y haces - 2. Geometría del plano. Puntos, rectas y vectores - 3. Circunferencia y familias de circunferencias - 4. Las cónicas - 5. Curvas planas - 6. Transformaciones geométricas - 7. Rectas y planos - 8. Superficies de segundo orden - 9. Superficies y curvas en general - 10. Geometría reglada. Geometría de círculos - 11. Nomografía.
590 ## - LOCAL NOTE (RLIN)
Local note niveau_biblio:m niveau_hierar:0
700 1# - ADDED ENTRY--PERSONAL NAME
Personal name Santalo, Luis A.
700 1# - ADDED ENTRY--PERSONAL NAME
Personal name Balanzat, Manuel
942 ## - ADDED ENTRY ELEMENTS (KOHA)
Koha item type
Existencias
Withdrawn status Lost status Damaged status Not for loan Home library Current library Shelving location Date acquired Total checkouts Full call number Barcode Date last seen Price effective from Koha item type
        Biblioteca Prof. Eusebio Cleto del Rey Biblioteca Prof. Eusebio Cleto del Rey   07/04/2026   514.12 R456 3ed. L20635 07/04/2026 07/04/2026 Libro
        Biblioteca Prof. Eusebio Cleto del Rey Biblioteca Prof. Eusebio Cleto del Rey   07/04/2026   514.12 R456 4ed. L20914 07/04/2026 07/04/2026 Libro
        Biblioteca Prof. Eusebio Cleto del Rey Biblioteca Prof. Eusebio Cleto del Rey   07/04/2026   514.12 R456 4ed. L20915 07/04/2026 07/04/2026 Libro